| 000 | 00386nam a22001577a 4500 | ||
|---|---|---|---|
| 003 | OSt | ||
| 008 | 210327b ||||| |||| 00| 0 eng d | ||
| 020 | _a9781784045067 | ||
| 082 | _a741.672 LOD | ||
| 100 | _aLOVELL, Hilary | ||
| 245 | _aDrawing Fashion Creating a Collection | ||
| 260 |
_aArcturus Publishing _bLondon _c2015 |
||
| 300 | _a128 | ||
| 650 | _aTextile | ||
| 942 |
_2ddc _cBK |
||
| 999 |
_c10593 _d10593 |
||